[Event "Howard Ridout Swiss U2000"]
[Site "Toronto CAN"]
[Date "2010.09.23"]
[Round "3"]
[White "Morra, Lui"]
[Black "Posaratnanathan, Juliaan"]
[Result "0-1"]
[WhiteElo "1703"]
[BlackElo "1883"]
[PlyCount "54"]
[EventDate "2010.09.09"]
[EventType "swiss"]
[EventRounds "6"]
[EventCountry "CAN"]

1. e4 c5 2. Nf3 Nc6 3. d4 cxd4 4. Nxd4 Nf6 5. Nc3 d6 6. Bg5 e6 7. Be2 a6 8. O-O
Bd7 9. Nb3 Be7 10. Bxf6 gxf6 11. a4 Na5 12. Nd2 O-O 13. Bd3 Kh8 14. Qh5 Nc6 15.
Nc4 Rg8 16. e5 Rg7 17. exf6 Bxf6 18. Nxd6 Qe7 19. Nce4 Rb8 20. Rae1 Ne5 21.
Nxf6 Nxd3 22. Nf5 Qxf6 23. Nxg7 Nxe1 24. Rxe1 Qxg7 25. Rd1 Bxa4 26. b3 Bc6 27.
Qc5 Qxg2# 0-1

[Event "Howard Ridout Swiss U2000"]
[Site "Toronto CAN"]
[Date "2010.09.23"]
[Round "3"]
[White "Triefeldt, Jack"]
[Black "Bellomo, Joe"]
[Result "1/2-1/2"]
[WhiteElo "1784"]
[BlackElo "1696"]
[PlyCount "86"]
[EventDate "2010.09.09"]
[EventType "swiss"]
[EventRounds "6"]
[EventCountry "CAN"]

1. d4 Nf6 2. Nf3 e6 3. Nc3 Be7 4. e4 d6 5. Bd3 Nbd7 6. Bf4 c6 7. h3 Qb6 8. Rb1
c5 9. Be3 Qc7 10. O-O c4 11. Be2 a6 12. a4 b6 13. Nd2 d5 14. e5 Ng8 15. f4 Bb7
16. Nf3 h6 17. Qd2 Bb4 18. Qc1 Ne7 19. Na2 Ba5 20. b4 cxb3 21. cxb3 Qxc1 22.
Rbxc1 Nc6 23. Rc2 Nb4 24. Nxb4 Bxb4 25. Rfc1 Rb8 26. Rc7 Ke7 27. Bd2 Bxd2 28.
Nxd2 Rhc8 29. b4 Rxc7 30. Rxc7 Kd8 31. Rc1 Rc8 32. Rxc8+ Kxc8 33. b5 axb5 34.
axb5 Kd8 35. g4 Ke7 36. Kf2 f6 37. h4 fxe5 38. fxe5 Nf8 39. Bd3 Bc8 40. h5 Bd7
41. Nb1 Be8 42. Nc3 Nd7 43. Na4 Kd8 1/2-1/2

[Event "Howard Ridout Swiss U2000"]
[Site "Toronto CAN"]
[Date "2010.09.23"]
[Round "3"]
[White "Ugodnikov, Arkadiy"]
[Black "Rutherdale, William"]
[Result "1-0"]
[WhiteElo "1902"]
[BlackElo "1729"]
[PlyCount "77"]
[EventDate "2010.09.09"]
[EventType "swiss"]
[EventRounds "6"]
[EventCountry "CAN"]

1. e4 e5 2. Nf3 Nc6 3. Bb5 a6 4. Ba4 Nf6 5. O-O Be7 6. Re1 b5 7. Bb3 d6 8. c3
O-O 9. h3 Na5 10. Bc2 c5 11. d4 Nd7 12. Nbd2 exd4 13. cxd4 Nc6 14. d5 Nce5 15.
a4 Rb8 16. axb5 axb5 17. Nxe5 Nxe5 18. f4 Ng6 19. Nf3 Bh4 20. Nxh4 Qxh4 21. f5
Ne5 22. Rf1 Bd7 23. Bf4 Qe7 24. Ra7 Ra8 25. Qa1 Qd8 26. Bxe5 dxe5 27. Rf3 f6
28. Rfa3 Rb8 29. R3a6 Qc8 30. d6 c4 31. Rc7 Qd8 32. Raa7 Rf7 33. Qd1 Ra8 34.
Rab7 Rb8 35. Qd5 Rxb7 36. Rxb7 g5 37. Bd1 Kg7 38. Bh5 Rf8 39. Qc6 1-0

[Event "Howard Ridout Swiss U2000"]
[Site "Toronto CAN"]
[Date "2010.09.23"]
[Round "3"]
[White "Verde, Pino"]
[Black "Radpey, Abdolreza"]
[Result "1-0"]
[WhiteElo "1848"]
[BlackElo "1641"]
[PlyCount "65"]
[EventDate "2010.09.09"]
[EventType "swiss"]
[EventRounds "6"]
[EventCountry "CAN"]

1. e4 c5 2. Nf3 Nc6 3. d4 cxd4 4. Nxd4 Nf6 5. Nc3 e5 6. Ndb5 d6 7. Bc4 a6 8.
Na3 Be6 9. Bg5 Bxc4 10. Nxc4 b5 11. Bxf6 gxf6 12. Ne3 Rg8 13. Ncd5 Bh6 14. Nf5
Rg6 15. Qh5 Bf8 16. Qxh7 Qa5+ 17. c3 Rxg2 18. Nxf6+ Kd8 19. Qxf7 Kc8 20. Qxf8+
Kb7 21. Nxd6+ Ka7 22. Qf7+ Kb6 23. Qb7+ Kc5 24. Rd1 Nd4 25. Nd7+ Kxd6 26. Qd5+
Ke7 27. Qxe5+ Kxd7 28. Rxd4+ Kc8 29. Qe8+ Kb7 30. Rd7+ Kb6 31. Qe6+ Kc5 32.
Rd5+ Kc4 33. Qc6# 1-0

[Event "Howard Ridout Swiss U2000"]
[Site "Toronto CAN"]
[Date "2010.09.23"]
[Round "3"]
[White "Ward, Dean"]
[Black "Paterson, Jim"]
[Result "1-0"]
[WhiteElo "1792"]
[BlackElo "1896"]
[PlyCount "119"]
[EventDate "2010.09.09"]
[EventType "swiss"]
[EventRounds "6"]
[EventCountry "CAN"]

1. d4 Nf6 2. c4 e6 3. Nc3 Bb4 4. Qc2 c5 5. e3 Nc6 6. Nf3 O-O 7. Bd3 d5 8. cxd5
cxd4 9. dxc6 dxc3 10. bxc3 Bd6 11. cxb7 Bxb7 12. e4 e5 13. O-O Rc8 14. Rb1 Bc6
15. Be3 Qc7 16. h3 Bd7 17. Rfc1 Be6 18. Ba6 Rb8 19. Ng5 Bd7 20. Qd3 h6 21. Rxb8
Rxb8 22. Nf3 Bc6 23. Nd2 Ba3 24. Rb1 Rd8 25. Qc4 Qd7 26. Bb5 Bxb5 27. Qxb5 Qxb5
28. Rxb5 Bc1 29. Nf1 Bxe3 30. Nxe3 Nxe4 31. c4 f6 32. Rb7 Nd6 33. Rxa7 Rc8 34.
Ra4 Kf7 35. g4 Kg6 36. Kg2 Kg5 37. Rb4 h5 38. f3 hxg4 39. hxg4 e4 40. a4 exf3+
41. Kxf3 Rc5 42. Ke2 Kf4 43. Kd3 Ke5 44. Nf5 g6 45. Nxd6 Kxd6 46. Rb6+ Ke7 47.
Rb5 Rc7 48. c5 Ke6 49. Kc4 Ke5 50. Rb6 g5 51. a5 f5 52. gxf5 Kxf5 53. a6 g4 54.
Rb7 Rc8 55. Rg7 Ra8 56. Kb5 Kf4 57. a7 g3 58. Kb6 Kf3 59. Kb7 Rf8 60. a8=Q 1-0

[Event "Howard Ridout Swiss U2000"]
[Site "Toronto CAN"]
[Date "2010.09.23"]
[Round "3"]
[White "Zotkin, Daniel"]
[Black "Moran-Venegas, Mario"]
[Result "1-0"]
[WhiteElo "1643"]
[BlackElo "1731"]
[PlyCount "119"]
[EventDate "2010.09.09"]
[EventType "swiss"]
[EventRounds "6"]
[EventCountry "CAN"]

1. e4 d5 2. exd5 Qxd5 3. Nf3 Nf6 4. Nc3 Qd6 5. d4 a6 6. Bc4 b5 7. Bb3 e6 8. O-O
Be7 9. Re1 Bb7 10. Bg5 Nbd7 11. Qe2 O-O 12. Rad1 Rfe8 13. Ne5 Nxe5 14. dxe5 Qc6
15. f3 Nd7 16. Bxe7 Rxe7 17. Qd2 Nc5 18. Ne4 Nxb3 19. cxb3 h6 20. Rc1 Qb6+ 21.
Kh1 Bd5 22. Nc3 c6 23. Nxd5 cxd5 24. Rc2 Rc7 25. Rec1 Rac8 26. Rc3 Qa5 27. a3
Rxc3 28. Rxc3 Rxc3 29. Qxc3 Qxc3 30. bxc3 Kf8 31. Kg1 Ke8 32. Kf2 Kd7 33. Ke3
Kc6 34. Kd4 a5 35. b4 axb4 36. axb4 h5 37. h4 f6 38. g4 hxg4 39. fxg4 f5 40. g5
Kd7 41. h5 Ke7 42. g6 Kf8 43. Ke3 Ke7 44. Kf4 Kf8 45. Kg5 Kg8 46. Kf4 Kf8 47.
Kf3 Ke7 48. Ke3 Kf8 49. Kd4 Ke7 50. Kc5 Kf8 51. Kd4 Ke7 52. Kc5 Kf8 53. Kd6 f4
54. Kxe6 f3 55. Kd7 f2 56. e6 f1=Q 57. e7+ Kg8 58. e8=Q+ Qf8 59. Kd8 Qxe8+ 60.
Kxe8 1-0

[Event "Howard Ridout Swiss U2000"]
[Site "Toronto CAN"]
[Date "2010.09.30"]
[Round "4"]
[White "Bao, Stephen"]
[Black "Maister, Martin"]
[Result "1-0"]
[WhiteElo "1758"]
[BlackElo "1911"]
[PlyCount "93"]
[EventDate "2010.09.09"]
[EventType "swiss"]
[EventRounds "6"]
[EventCountry "CAN"]

1. e4 c5 2. Nf3 Nc6 3. d4 cxd4 4. Nxd4 g6 5. Be3 Bg7 6. Nc3 Nf6 7. Qd2 O-O 8.
f3 d5 9. O-O-O dxe4 10. Nxc6 Qxd2+ 11. Rxd2 bxc6 12. Nxe4 Nd5 13. Bc5 Bh6 14.
c4 Bxd2+ 15. Kxd2 Rd8 16. cxd5 Rxd5+ 17. Kc3 Bf5 18. Bxe7 Bxe4 19. fxe4 Rd1 20.
g3 Re8 21. Bg5 Rxe4 22. Bg2 Rxh1 23. Bxh1 Re2 24. h4 c5 25. a4 Kg7 26. Bf4 f6
27. b3 h6 28. Kc4 g5 29. hxg5 fxg5 30. Bb8 Re3 31. Bd5 h5 32. Kxc5 h4 33. gxh4
gxh4 34. Bxa7 h3 35. Bb8 Re8 36. Bd6 Rc8+ 37. Kb6 Rc2 38. a5 Rd2 39. Be5+ Kg6
40. Bc6 Kf5 41. Bc7 Rb2 42. Bd5 h2 43. Bxh2 Rxh2 44. a6 Rh6+ 45. Bc6 Rh3 46. b4
Ke6 47. a7 1-0

[Event "Howard Ridout Swiss U2000"]
[Site "Toronto CAN"]
[Date "2010.09.30"]
[Round "4"]
[White "Bellissimo, Joseph"]
[Black "Ward, Dean"]
[Result "1-0"]
[WhiteElo "1871"]
[BlackElo "1792"]
[PlyCount "95"]
[EventDate "2010.09.09"]
[EventType "swiss"]
[EventRounds "6"]
[EventCountry "CAN"]

1. e4 c5 2. Nf3 d6 3. d4 cxd4 4. Nxd4 Nf6 5. Nc3 g6 6. Be3 Nc6 7. Qd2 Ng4 8.
O-O-O Nxe3 9. fxe3 Bh6 10. Kb1 O-O 11. h4 Bg4 12. Be2 Bxe2 13. Qxe2 Qb6 14. Nd5
Qd8 15. h5 Nxd4 16. exd4 Bg7 17. hxg6 fxg6 18. Qc4 Kh8 19. Qb3 Qd7 20. Qg3 Kg8
21. Qh4 h6 22. Nxe7+ Kh7 23. Nd5 Rac8 24. e5 dxe5 25. dxe5 Qf5 26. Nf6+ Rxf6
27. exf6 Rxc2 28. Qh3 Rxb2+ 29. Kxb2 Bxf6+ 30. Kb3 Qb5+ 31. Kc2 Qe2+ 32. Rd2
Qe4+ 33. Kd1 Qb1+ 34. Ke2 Qe4+ 35. Kf1 Qf4+ 36. Ke1 Qe5+ 37. Re2 Qa5+ 38. Kf1
Qg5 39. Qd7+ Bg7 40. Kg1 Qc5+ 41. Rf2 Qe3 42. Qd2 Qc5 43. Rh3 Qe5 44. Rf7 Qa1+
45. Kh2 Qe5+ 46. Qf4 Kg8 47. Rf8+ Kh7 48. Rxh6+ 1-0

[Event "Howard Ridout Swiss U2000"]
[Site "Toronto CAN"]
[Date "2010.09.30"]
[Round "4"]
[White "Bellomo, Joe"]
[Black "Rapoport, Alexander"]
[Result "0-1"]
[WhiteElo "1696"]
[BlackElo "1875"]
[PlyCount "42"]
[EventDate "2010.09.09"]
[EventType "swiss"]
[EventRounds "6"]
[EventCountry "CAN"]

1. e4 c5 2. Nf3 e6 3. d4 cxd4 4. Nxd4 a6 5. Be2 Qc7 6. O-O b5 7. Be3 Nf6 8. Nd2
Bb7 9. Bf3 Be7 10. Rc1 O-O 11. c4 Qe5 12. cxb5 axb5 13. Qb3 Nxe4 14. Bxe4 Bxe4
15. Nxe4 Qxe4 16. Nxb5 Nc6 17. Rc4 Qe5 18. Rg4 f5 19. Bf4 Qe4 20. Nc3 Qb4 21.
Rg3 Qxf4 0-1

[Event "Howard Ridout Swiss U2000"]
[Site "Toronto CAN"]
[Date "2010.09.30"]
[Round "4"]
[White "Cale, Ferdinand"]
[Black "Jizan, Masoud"]
[Result "1-0"]
[WhiteElo "1817"]
[BlackElo "1819"]
[PlyCount "93"]
[EventDate "2010.09.09"]
[EventType "swiss"]
[EventRounds "6"]
[EventCountry "CAN"]

1. f4 e6 2. e4 Bc5 3. d4 Bb6 4. b4 Nf6 5. Qd3 Nc6 6. c3 d5 7. e5 Ne4 8. Nd2
Nxc3 9. b5 Nxb5 10. Qxb5 Bd7 11. Ngf3 Nxd4 12. Qb2 Nf5 13. g4 Ne3 14. h3 c5 15.
Nb3 Nxf1 16. Rxf1 Bb5 17. Rh1 Bd3 18. Bd2 Be4 19. Rf1 O-O 20. g5 Rc8 21. Rc1 d4
22. a4 Qd5 23. Ke2 d3+ 24. Ke3 Bf5 25. a5 Bd8 26. h4 c4 27. Nbd4 b5 28. Qxb5
Qe4+ 29. Kf2 Bg4 30. Rfe1 Qd5 31. Qxd5 exd5 32. Kg3 Bd7 33. f5 Re8 34. e6 fxe6
35. fxe6 Bc6 36. Nxc6 Rxc6 37. Nd4 Ra6 38. Ra1 Bc7+ 39. Kg4 Bd6 40. Nb5 Bb8 41.
e7 Kf7 42. Bb4 Re6 43. Rf1+ Rf6 44. gxf6 gxf6 45. Rf5 a6 46. Nd4 Be5 47. Bc3
1-0

[Event "Howard Ridout Swiss U2000"]
[Site "Toronto CAN"]
[Date "2010.09.30"]
[Round "4"]
[White "Conte, Mike"]
[Black "Corvo, Paul"]
[Result "1-0"]
[WhiteElo "1830"]
[BlackElo "1861"]
[PlyCount "71"]
[EventDate "2010.09.09"]
[EventType "swiss"]
[EventRounds "6"]
[EventCountry "CAN"]

1. e4 e5 2. Nf3 Nc6 3. Nc3 Nf6 4. g3 Bc5 5. Bg2 O-O 6. O-O d6 7. d3 Bg4 8. h3
Bh5 9. g4 Bg6 10. Na4 Bb6 11. Kh2 Ne7 12. Nh4 c6 13. Nxb6 axb6 14. f4 exf4 15.
Bxf4 Kh8 16. Qe1 Ne8 17. Qc3 Nc7 18. Bh6 f6 19. Nxg6+ Nxg6 20. Be3 Nb5 21. Qb3
Ra6 22. c4 Na7 23. d4 Qc7 24. Rae1 d5+ 25. e5 fxe5 26. Rxf8+ Nxf8 27. dxe5
Qxe5+ 28. Kh1 dxc4 29. Qxc4 Nb5 30. Qf7 Qf6 31. Qxb7 Ra7 32. Qb8 Qd6 33. Qxb6
Re7 34. Rf1 Re8 35. Bc5 Qb8 36. Qxb8 1-0

[Event "Howard Ridout Swiss U2000"]
[Site "Toronto CAN"]
[Date "2010.09.30"]
[Round "4"]
[White "Karmalkar, Vilas"]
[Black "Triefeldt, Jack"]
[Result "0-1"]
[WhiteElo "1616"]
[BlackElo "1784"]
[PlyCount "132"]
[EventDate "2010.09.09"]
[EventType "swiss"]
[EventRounds "6"]
[EventCountry "CAN"]

1. c4 e5 2. Nc3 Nf6 3. d3 Nc6 4. Nf3 d5 5. cxd5 Nxd5 6. g3 Bb4 7. Bd2 Nxc3 8.
bxc3 Bd6 9. Bg2 O-O 10. O-O Bg4 11. Qc2 Qd7 12. Rfe1 h6 13. Rab1 Rab8 14. Be3
Bh3 15. Qd2 Bxg2 16. Kxg2 Qe6 17. Qc2 b6 18. Qa4 Na5 19. Nd2 Qd5+ 20. Kg1 Nb7
21. Qg4 f5 22. Qh5 a5 23. a4 Qc6 24. Bxh6 gxh6 25. Qxh6 Qd7 26. Nf3 Qg7 27. Qh5
Rf6 28. Rb5 Re8 29. d4 Qg6 30. Qh4 e4 31. Ng5 Kg7 32. Nxe4 Rxe4 33. f4 Qg4 34.
Qxg4+ fxg4 35. Kf2 Kh6 36. h3 gxh3 37. Rh1 Kg7 38. Rxh3 Rh6 39. Rg5+ Kh7 40.
Rxh6+ Kxh6 41. Kf3 Re8 42. e4 Ba3 43. Ke3 Nd6 44. e5 Nc4+ 45. Ke4 Nb2 46. g4
Be7 47. Rh5+ Kg7 48. f5 Kg8 49. g5 Nxa4 50. c4 Nc3+ 51. Kd3 Nd1 52. g6 a4 53.
f6 Bxf6 54. exf6 Rf8 55. Rf5 a3 56. Rf1 Nb2+ 57. Kc2 Nxc4 58. Kc3 b5 59. Rf5 a2
60. Rf1 Ra8 61. Ra1 Nd6 62. Kb3 Ne4 63. Rxa2 Rxa2 64. Kxa2 Nxf6 65. Kb3 Nd5 66.
Ka3 Kg7 0-1

[Event "Howard Ridout Swiss U2000"]
[Site "Toronto CAN"]
[Date "2010.09.30"]
[Round "4"]
[White "Manalo, Pepin"]
[Black "Song, Lin"]
[Result "0-1"]
[WhiteElo "1872"]
[BlackElo "1693"]
[PlyCount "71"]
[EventDate "2010.09.09"]
[EventType "swiss"]
[EventRounds "6"]
[EventCountry "CAN"]

1. e4 c5 2. Nf3 Nc6 3. c4 d6 4. d4 Bg4 5. d5 Nd4 6. Be3 Nxf3+ 7. gxf3 Bd7 8.
Nc3 g6 9. Qd2 Bg7 10. h4 h5 11. Bd3 e6 12. dxe6 Bxe6 13. O-O-O a6 14. Nd5 Bxd5
15. exd5 Ne7 16. Rhe1 O-O 17. Bg5 Re8 18. Re2 Qd7 19. Rde1 Nf5 20. Bxf5 gxf5
21. Bh6 Rxe2 22. Rxe2 f6 23. Re6 Re8 24. Rxe8+ Qxe8 25. Bf4 Bf8 26. Qc3 Kf7 27.
b3 Qe2 28. Qe3 Qxe3+ 29. fxe3 b6 30. a4 a5 31. Kd2 Be7 32. Kd3 Kg6 33. Bg3 Bf8
34. e4 Be7 35. f4 fxe4+ 36. Kxe4 0-1

[Event "Howard Ridout Swiss U2000"]
[Site "Toronto CAN"]
[Date "2010.09.30"]
[Round "4"]
[White "Marcille, Gord"]
[Black "Xie, Peter"]
[Result "0-1"]
[WhiteElo "1764"]
[BlackElo "1606"]
[PlyCount "34"]
[EventDate "2010.09.09"]
[EventType "swiss"]
[EventRounds "6"]
[EventCountry "CAN"]

1. e4 e5 2. Nf3 Nc6 3. Nc3 Nf6 4. d4 exd4 5. Nxd4 Bb4 6. Nxc6 bxc6 7. Qd4 Qe7
8. Bd3 c5 9. Qe3 c4 10. Bxc4 Nxe4 11. O-O Nxc3 12. bxc3 Qxe3 13. fxe3 Bxc3 14.
Bxf7+ Ke7 15. Ba3+ d6 16. Rad1 Ba6 17. Rf5 Raf8 0-1

[Event "Howard Ridout Swiss U2000"]
[Site "Toronto CAN"]
[Date "2010.09.30"]
[Round "4"]
[White "Mesiti, Silvano"]
[Black "Huston, Scott"]
[Result "0-1"]
[WhiteElo "1674"]
[BlackElo "1736"]
[PlyCount "88"]
[EventDate "2010.09.09"]
[EventType "swiss"]
[EventRounds "6"]
[EventCountry "CAN"]

1. e4 c5 2. Nf3 d6 3. Nc3 Nf6 4. Bc4 Nc6 5. O-O Bg4 6. d3 Nd4 7. Be3 Bxf3 8.
gxf3 e5 9. Bxd4 cxd4 10. Nd5 a6 11. Qd2 Be7 12. Kh1 Nxd5 13. Bxd5 Bg5 14. Qe2
Bf4 15. Rg1 Qh4 16. Rg2 O-O 17. Qf1 Rac8 18. Bb3 Kh8 19. Qg1 g6 20. Rg4 Qh5 21.
Qg2 f5 22. exf5 Qxf5 23. Rg1 Rf6 24. Rh4 Rcf8 25. Bd5 Kg7 26. Qg4 Qxg4 27.
Rhxg4 b5 28. h4 a5 29. c3 dxc3 30. bxc3 Rc8 31. c4 b4 32. Rb1 Rb8 33. Kg2 a4
34. Kh3 b3 35. axb3 axb3 36. c5 dxc5 37. Rxb3 Rxb3 38. Bxb3 Rb6 39. Bc4 Rb2 40.
Rg2 Kf6 41. Bd5 Rb1 42. Rg4 h5 43. Rxf4+ exf4 44. Be4 Rh1+ 0-1

[Event "Howard Ridout Swiss U2000"]
[Site "Toronto CAN"]
[Date "2010.09.30"]
[Round "4"]
[White "Moran-Venegas, Mario"]
[Black "Gillis, Doug"]
[Result "1/2-1/2"]
[WhiteElo "1731"]
[BlackElo "1675"]
[PlyCount "83"]
[EventDate "2010.09.09"]
[EventType "swiss"]
[EventRounds "6"]
[EventCountry "CAN"]

1. e4 e6 2. f4 d5 3. e5 c5 4. Nf3 Nc6 5. Bb5 Qb6 6. Bxc6+ bxc6 7. d4 Nh6 8. c3
cxd4 9. cxd4 Bb4+ 10. Nc3 Nf5 11. g4 Ne7 12. a3 Bxc3+ 13. bxc3 Ba6 14. Qc2 Rb8
15. h4 Qb5 16. h5 Qd3 17. Qxd3 Bxd3 18. Kd2 Be4 19. Rh3 h6 20. Ne1 Nc8 21. Nd3
Nb6 22. Nb2 O-O 23. a4 Rfc8 24. a5 Nd7 25. Nd3 c5 26. Ra4 cxd4 27. cxd4 Rb3 28.
Ra3 Rcc3 29. Rxb3 Rxb3 30. Nf2 Rxh3 31. Nxh3 f5 32. gxf5 Bxf5 33. Nf2 Nb8 34.
Ke3 Nc6 35. Bd2 g6 36. hxg6 Kg7 37. Nh1 Kxg6 38. Ng3 Bc2 39. Bc3 a6 40. Kf2 Bd3
41. Ke3 Bc2 42. Kf2 1/2-1/2

[Event "Howard Ridout Swiss U2000"]
[Site "Toronto CAN"]
[Date "2010.09.30"]
[Round "4"]
[White "Paterson, Jim"]
[Black "Verde, Pino"]
[Result "1-0"]
[WhiteElo "1896"]
[BlackElo "1848"]
[PlyCount "87"]
[EventDate "2010.09.09"]
[EventType "swiss"]
[EventRounds "6"]
[EventCountry "CAN"]

1. e4 d6 2. d4 Nf6 3. Nc3 Nbd7 4. Nf3 c6 5. Bd3 e5 6. O-O Be7 7. Ne2 h6 8. c3
Qc7 9. Ng3 Nf8 10. Re1 Bg4 11. h3 Bd7 12. Nf5 Bxf5 13. exf5 O-O-O 14. Qb3 d5
15. Nxe5 Bd6 16. Bf4 Nh5 17. Bh2 f6 18. Nf3 Nf4 19. Bxf4 Bxf4 20. Qa3 Bd6 21.
Qxa7 Kd7 22. Qa4 Nh7 23. c4 Ra8 24. Qb3 Ng5 25. Nxg5 hxg5 26. cxd5 Bh2+ 27. Kf1
Rae8 28. dxc6+ bxc6 29. Qf7+ Kd8 30. Rxe8+ Rxe8 31. Qxc7+ Bxc7 32. Rc1 Kd7 33.
f3 Bb6 34. Be4 Rc8 35. d5 cxd5 36. Rxc8 dxe4 37. Rg8 exf3 38. Rxg7+ Kd6 39. g4
Ke5 40. b4 Kf4 41. a4 Kg3 42. Rh7 Kf4 43. a5 Bd4 44. b5 1-0

[Event "Howard Ridout Swiss U2000"]
[Site "Toronto CAN"]
[Date "2010.09.30"]
[Round "4"]
[White "Radpey, Abdolreza"]
[Black "Azmitia, Gabriel"]
[Result "0-1"]
[WhiteElo "1641"]
[BlackElo "1611"]
[PlyCount "70"]
[EventDate "2010.09.09"]
[EventType "swiss"]
[EventRounds "6"]
[EventCountry "CAN"]

1. d4 c5 2. d5 Nf6 3. c4 d6 4. Nc3 g6 5. Nf3 Bg7 6. e4 Bg4 7. Bd3 Nbd7 8. h3
Bxf3 9. Qxf3 Ne5 10. Qe2 Nxd3+ 11. Qxd3 a6 12. a4 Nd7 13. O-O Ne5 14. Qe2 Rb8
15. f4 Nd7 16. a5 b6 17. axb6 Qxb6 18. Na4 Qb7 19. e5 dxe5 20. fxe5 Bxe5 21.
Nxc5 Bd4+ 22. Kh1 Bxc5 23. Rb1 O-O 24. Bh6 Rfe8 25. Qd3 Qb3 26. Qe2 e6 27. Rxf7
Kxf7 28. dxe6+ Rxe6 29. Rf1+ Rf6 30. Rxf6+ Nxf6 31. Bg5 Qxb2 32. Qf3 Qe5 33.
Bf4 Qa1+ 34. Kh2 Bg1+ 35. Kh1 Bf2+ 0-1

[Event "Howard Ridout Swiss U2000"]
[Site "Toronto CAN"]
[Date "2010.09.30"]
[Round "4"]
[White "Rutherdale, William"]
[Black "Kurkowski, Ken"]
[Result "1-0"]
[WhiteElo "1729"]
[BlackElo "1638"]
[PlyCount "97"]
[EventDate "2010.09.09"]
[EventType "swiss"]
[EventRounds "6"]
[EventCountry "CAN"]

1. d4 Nf6 2. c4 e6 3. Nc3 Bb4 4. Qc2 O-O 5. Nf3 d5 6. e3 b6 7. Bd3 Bb7 8. Bd2
Nbd7 9. cxd5 exd5 10. O-O Re8 11. Nb5 Bxd2 12. Nxd2 Ba6 13. Rfc1 Bxb5 14. Bxb5
c5 15. dxc5 bxc5 16. Qf5 Rb8 17. Bxd7 Qxd7 18. Qxd7 Nxd7 19. b3 Rbc8 20. Nf3
Nb6 21. Rc2 c4 22. Rac1 cxb3 23. Rxc8 Rxc8 24. Rxc8+ Nxc8 25. axb3 Nb6 26. Kf1
Kf8 27. Ke2 Ke7 28. Kd3 h6 29. Nd4 a6 30. Kc3 g6 31. Kb4 Nd7 32. Ka5 Nc5 33. b4
Nd3 34. f3 Kd6 35. Nc2 Kc7 36. Kxa6 Kb8 37. b5 f5 38. Nd4 Nc5+ 39. Kb6 Nd7+ 40.
Kc6 Nf6 41. Kd6 Kb7 42. Ke6 Ne8 43. Kf7 Nd6+ 44. Kxg6 Kb6 45. Kxh6 Kc5 46. Kg6
f4 47. Ne6+ Kxb5 48. Nxf4 Kc4 49. h4 1-0

[Event "Howard Ridout Swiss U2000"]
[Site "Toronto CAN"]
[Date "2010.09.30"]
[Round "4"]
[White "Su, Stanley"]
[Black "Zotkin, Daniel"]
[Result "1-0"]
[WhiteElo "1774"]
[BlackElo "1643"]
[PlyCount "37"]
[EventDate "2010.09.09"]
[EventType "swiss"]
[EventRounds "6"]
[EventCountry "CAN"]

1. e4 c5 2. Na3 Nc6 3. Bb5 d6 4. c3 Nf6 5. d3 Bd7 6. f4 g6 7. Nf3 Bg7 8. e5
dxe5 9. fxe5 Nd5 10. d4 cxd4 11. cxd4 Ncb4 12. Bxd7+ Qxd7 13. O-O O-O 14. Bd2
Nd3 15. Qb3 N3f4 16. Rf2 Qg4 17. Kh1 h5 18. Ng1 g5 19. g3 1-0

[Event "Howard Ridout Swiss U2000"]
[Site "Toronto CAN"]
[Date "2010.10.14"]
[Round "5"]
[White "Azmitia, Gabriel"]
[Black "Bellomo, Joe"]
[Result "0-1"]
[WhiteElo "1611"]
[BlackElo "1696"]
[PlyCount "102"]
[EventDate "2010.09.09"]
[EventType "swiss"]
[EventRounds "6"]
[EventCountry "CAN"]

1. d4 Nf6 2. c4 e6 3. Nc3 b6 4. Bg5 Be7 5. Nf3 Bb7 6. e3 O-O 7. Be2 d5 8. Rc1
a6 9. O-O Nbd7 10. Re1 Rc8 11. Bf1 dxc4 12. Bxc4 Ne4 13. Bxe7 Qxe7 14. Nxe4
Bxe4 15. Nd2 Bb7 16. e4 c5 17. d5 b5 18. Bf1 Nf6 19. dxe6 fxe6 20. f3 c4 21. a4
Rfd8 22. Qc2 Qb4 23. Nb1 Nd7 24. axb5 axb5 25. Qf2 Nc5 26. Rcd1 Nd3 27. Bxd3
cxd3 28. Nc3 Qc5 29. Rd2 Qxf2+ 30. Kxf2 b4 31. Na4 Rc2 32. Ke3 Ba6 33. Ra1 Bb5
34. Nb6 Rc6 35. Ra8 Rxa8 36. Nxa8 Kf8 37. Rd1 Rc2 38. Rd2 Rc6 39. Rd1 Ke7 40.
e5 Rc8 41. Nb6 Rd8 42. Kd2 Rb8 43. Rc1 Rxb6 44. Rc7+ Kf8 45. Rc8+ Kf7 46. Rc7+
Kg6 47. g3 Rc6 48. Rxc6 Bxc6 49. Kxd3 Bxf3 50. Kc4 Kf5 51. Kxb4 Kxe5 0-1

[Event "Howard Ridout Swiss U2000"]
[Site "Toronto CAN"]
[Date "2010.10.14"]
[Round "5"]
[White "Conte, Mike"]
[Black "Cale, Ferdinand"]
[Result "0-1"]
[WhiteElo "1830"]
[BlackElo "1817"]
[PlyCount "114"]
[EventDate "2010.09.09"]
[EventType "swiss"]
[EventRounds "6"]
[EventCountry "CAN"]

1. e4 d5 2. exd5 Qxd5 3. Nc3 Qe5+ 4. Qe2 Qxe2+ 5. Bxe2 c6 6. Nf3 Nf6 7. d4 Bf5
8. Bd1 Nbd7 9. O-O e6 10. Re1 Be7 11. h3 h6 12. Bf4 O-O 13. Ne5 Bb4 14. Nxd7
Nxd7 15. a3 Bxc3 16. bxc3 Rac8 17. Rb1 b6 18. c4 Nf6 19. Rb3 Rfd8 20. c3 c5 21.
Be3 cxd4 22. Bxd4 Rxc4 23. f4 Nd5 24. Rf1 Rcc8 25. g4 Bd3 26. Rf2 Bc4 27. Rbb2
Nxc3 28. Bxc3 Rxd1+ 29. Kh2 Bd5 30. Bd2 g6 31. Bb4 f6 32. Rfd2 Rh1+ 33. Kg3
Rcc1 34. Rh2 Rcg1+ 35. Kh4 Rxh2 36. Rxh2 Rg2 37. Rxg2 Bxg2 38. a4 Kf7 39. Bc3
Bc6 40. a5 Bf3 41. Bd4 bxa5 42. Bxa7 a4 43. Bd4 a3 44. Kg3 Bd1 45. h4 a2 46. g5
hxg5 47. hxg5 fxg5 48. fxg5 Ke7 49. Be5 Kd7 50. Kf4 Bc2 51. Bd4 Kd6 52. Bc3 Kd5
53. Be5 Kc4 54. Ke3 Bb1 55. Bb2 Kb3 56. Be5 Kc2 57. Bd4 Kc1 0-1

[Event "Howard Ridout Swiss U2000"]
[Site "Toronto CAN"]
[Date "2010.10.14"]
[Round "5"]
[White "Corvo, Paul"]
[Black "Gaffney, Kevin"]
[Result "1-0"]
[WhiteElo "1861"]
[BlackElo "1608"]
[PlyCount "91"]
[EventDate "2010.09.09"]
[EventType "swiss"]
[EventRounds "6"]
[EventCountry "CAN"]

1. e4 e5 2. Nf3 Nc6 3. d4 exd4 4. Nxd4 Nf6 5. Nxc6 bxc6 6. e5 Qe7 7. Qe2 Nd5 8.
c4 Nb6 9. b3 g6 10. Bb2 Bg7 11. f4 O-O 12. Nd2 d6 13. Nf3 Bg4 14. O-O-O Rfe8
15. h3 Bxf3 16. Qxf3 dxe5 17. fxe5 Bxe5 18. Bd3 Nd7 19. Qxc6 Bxb2+ 20. Kxb2 Ne5
21. Qe4 Qf6 22. Kb1 Rad8 23. Rhf1 Qg7 24. Bc2 Kf8 25. Rxd8 Rxd8 26. Qe3 Nc6 27.
Qc5+ Rd6 28. Rd1 Nd4 29. Qxc7 Qf6 30. Qc5 Kg7 31. b4 Ne2 32. Rxd6 Nc3+ 33. Kc1
Nxa2+ 34. Kd1 Qf1+ 35. Kd2 Qxg2+ 36. Kd3 Nc1+ 37. Kc3 Qf3+ 38. Kb2 Ne2 39. Qe5+
Kh6 40. Rd3 Qf1 41. Qe3+ Nf4 42. Rd4 g5 43. h4 Ne6 44. hxg5+ Kh5 45. Bd1+ Kg6
46. Qd3+ 1-0

[Event "Howard Ridout Swiss U2000"]
[Site "Toronto CAN"]
[Date "2010.10.14"]
[Round "5"]
[White "Jizan, Masoud"]
[Black "Yusuf, Magas"]
[Result "0-1"]
[WhiteElo "1819"]
[BlackElo "1858"]
[PlyCount "80"]
[EventDate "2010.09.09"]
[EventType "swiss"]
[EventRounds "6"]
[EventCountry "CAN"]

1. e4 e5 2. f4 exf4 3. Nf3 g5 4. Bc4 d6 5. h3 Bg7 6. d4 h6 7. Nc3 Nc6 8. a3 Qe7
9. Qd3 f5 10. Bd2 fxe4 11. Nxe4 Bf5 12. O-O-O Bxe4 13. Qb3 O-O-O 14. Rhe1 d5
15. Bb5 Qd6 16. Bxc6 Qxc6 17. Ne5 Bxe5 18. dxe5 Ne7 19. Bb4 Nf5 20. Re2 Ne3 21.
Rdd2 Rhe8 22. Rxe3 fxe3 23. Qxe3 Qc4 24. b3 Qf1+ 25. Kb2 Qf4 26. Qxa7 Qxe5+ 27.
Bc3 d4 28. Qa8+ Kd7 29. Rxd4+ Qxd4 30. Qxd8+ Rxd8 31. Bxd4 Ke6 32. c3 Rxd4 33.
cxd4 Bxg2 34. Kc3 Bxh3 35. Kc4 Bf1+ 36. Kc5 g4 37. d5+ Kd7 38. Kd4 g3 39. Ke3
g2 40. Kf2 Kd6 0-1